ARRUPE JESUIT UNIVERSITY

CORONAVIRUS -STOP THE SPREAD - CLEAN,DISINFECT,COVER

Famous sea fights from Salamis to Tsu-shima, (Record no. 121280)

MARC details
000 -LEADER
fixed length control field 00676cam a2200217u 4500
001 - CONTROL NUMBER
control field 8697935
003 - CONTROL NUMBER IDENTIFIER
control field ARRUPE
005 - DATE AND TIME OF LATEST TRANSACTION
control field 20141121181446.0
008 - FIXED-LENGTH DATA ELEMENTS--GENERAL INFORMATION
fixed length control field 820623s1911 enkabef 000 0 eng
010 ## - LIBRARY OF CONGRESS CONTROL NUMBER
LC control number 12004926
040 ## - CATALOGING SOURCE
Original cataloging agency DLC
Transcribing agency CarP
Modifying agency DLC
050 00 - LIBRARY OF CONGRESS CALL NUMBER
Classification number D27
Item number .H31919
300 ## - PHYSICAL DESCRIPTION
Other physical details incl. tables. front., plates, maps, plans.
Dimensions 20 cm.
100 1# - MAIN ENTRY--PERSONAL NAME
Personal name Hale, John Richard.
9 (RLIN) 12742
245 10 - TITLE STATEMENT
Title Famous sea fights from Salamis to Tsu-shima,
Statement of responsibility, etc John Richard Hale
250 ## - EDITION STATEMENT
Edition statement 6th ed.
260 ## - PUBLICATION, DISTRIBUTION, ETC. (IMPRINT)
Place of publication, distribution, etc London,
Name of publisher, distributor, etc Methuen & co., ltd.
Date of publication, distribution, etc 1911
300 ## - PHYSICAL DESCRIPTION
Extent xi, 349, [1] p.
650 #0 - SUBJECT ADDED ENTRY--TOPICAL TERM
Topical term or geographic name as entry element Naval battles.
9 (RLIN) 12743
906 ## - LOCAL DATA ELEMENT F, LDF (RLIN)
a 0
b cbc
c premunv
d u
e ncip
f 19
g y-gencatlg
942 ## - ADDED ENTRY ELEMENTS (KOHA)
Source of classification or shelving scheme Library of Congress Classification
Koha item type Monograph ( Printed materials)
Holdings
Withdrawn status Lost status Source of classification or shelving scheme Damaged status Not for loan Collection code Home library Current library Shelving location Date acquired Total Checkouts Full call number Barcode Date last seen Price effective from Koha item type
    Library of Congress Classification     Main Collection ARRUPE LIBRARY ARRUPE LIBRARY Main Collection 19/11/2014   D27 .H3 1919 46500003601 19/11/2014 19/11/2014 Monograph ( Printed materials)

 

Arrupe Library. PO Box MP320 Mt Pleasant, Harare, Zimbabwe
263 242 745411|librarian@aju.ac.zw